[Event "DVM U16w 2024"]
[Site "Neumünster GER"]
[Date "2024.12.28"]
[Round "3"]
[White "Brauer, Celiene"]
[Black "Grey, Paula"]
[Result "0-1"]
[Termination "normal"]
[Board "6.3"]
[WhiteElo "1611"]
[BlackElo "1221"]
[WhiteClock "00:32:03"]
[BlackClock "00:30:09"]
[WhiteTeam "Meuselwitzer SV"]
[BlackTeam "FC Bayern München 2"]
[PlyCount "84"]
[WhiteFideId "34663622"]
[BlackFideId "34630180"]
[EventCountry "GER"]
[EventRounds "7"]
[EventType "team-swiss"]
[EventDate "2024.12.26"]

1. e4 {[%clk 01:30:57]} {[%emt 00:00:02]} e5 {[%clk 01:30:55]} {[%emt
00:00:06]} 2. f4 {[%clk 01:29:07]} {[%emt 00:02:19]} f6 {[%clk 01:24:46]}
{[%emt 00:06:40]} 3. Nc3 {[%clk 01:21:23]} {[%emt 00:08:14]} Nc6 {[%clk
01:18:35]} {[%emt 00:06:42]} 4. Bb5 {[%clk 01:15:01]} {[%emt 00:06:51]} Nge7
{[%clk 01:13:48]} {[%emt 00:05:17]} 5. Nf3 {[%clk 01:13:03]} {[%emt 00:02:26]}
a6 {[%clk 01:09:41]} {[%emt 00:04:39]} 6. Bc4 {[%clk 01:13:07]} {[%emt
00:00:25]} d6 {[%clk 01:08:50]} {[%emt 00:01:21]} 7. d4 {[%clk 01:11:39]}
{[%emt 00:01:58]} Bg4 {[%clk 01:04:58]} {[%emt 00:04:23]} 8. f5 {[%clk
01:08:33]} {[%emt 00:03:36]} Nxd4 {[%clk 01:03:25]} {[%emt 00:02:02]} 9. Nxe5
{[%clk 01:01:52]} {[%emt 00:07:11]} dxe5 {[%clk 01:02:40]} {[%emt 00:01:15]}
10. Qxg4 {[%clk 01:00:31]} {[%emt 00:01:50]} Nxc2+ {[%clk 01:02:08]} {[%emt
00:01:03]} 11. Ke2 {[%clk 00:59:43]} {[%emt 00:01:17]} Nxa1 {[%clk 01:00:47]}
{[%emt 00:01:53]} 12. Bd3 {[%clk 00:57:56]} {[%emt 00:02:15]} Qd7 {[%clk
00:55:54]} {[%emt 00:05:25]} 13. Be3 {[%clk 00:54:12]} {[%emt 00:04:13]} O-O-O
{[%clk 00:54:36]} {[%emt 00:01:49]} 14. Rd1 {[%clk 00:53:17]} {[%emt 00:01:23]}
Qe8 {[%clk 00:47:13]} {[%emt 00:07:54]} 15. Rxa1 {[%clk 00:52:39]} {[%emt
00:01:09]} Nc6 {[%clk 00:46:32]} {[%emt 00:01:11]} 16. a3 {[%clk 00:50:37]}
{[%emt 00:02:32]} Nd4+ {[%clk 00:45:26]} {[%emt 00:01:35]} 17. Kf2 {[%clk
00:49:21]} {[%emt 00:01:44]} Kb8 {[%clk 00:44:46]} {[%emt 00:01:12]} 18. b4
{[%clk 00:46:55]} {[%emt 00:02:56]} h5 {[%clk 00:41:42]} {[%emt 00:03:34]} 19.
Qd1 {[%clk 00:46:36]} {[%emt 00:00:48]} g6 {[%clk 00:41:08]} {[%emt 00:01:06]}
20. Rb1 {[%clk 00:44:52]} {[%emt 00:02:14]} Bh6 {[%clk 00:40:52]} {[%emt
00:00:45]} 21. Bxd4 {[%clk 00:43:19]} {[%emt 00:02:03]} exd4 {[%clk 00:36:01]}
{[%emt 00:05:22]} 22. Na4 {[%clk 00:42:03]} {[%emt 00:01:43]} gxf5 {[%clk
00:34:25]} {[%emt 00:02:08]} 23. Nc5 {[%clk 00:41:43]} {[%emt 00:00:49]} fxe4
{[%clk 00:31:43]} {[%emt 00:03:13]} 24. Bxe4 {[%clk 00:36:10]} {[%emt
00:06:04]} c6 {[%clk 00:29:28]} {[%emt 00:02:45]} 25. Qf3 {[%clk 00:34:04]}
{[%emt 00:02:32]} Be3+ {[%clk 00:26:18]} {[%emt 00:03:44]} 26. Kf1 {[%clk
00:33:40]} {[%emt 00:00:53]} Rf8 {[%clk 00:23:48]} {[%emt 00:02:58]} 27. Qg3+
{[%clk 00:30:11]} {[%emt 00:04:00]} Qe5 {[%clk 00:17:57]} {[%emt 00:06:23]} 28.
Qg7 {[%clk 00:28:39]} {[%emt 00:02:00]} Qc7 {[%clk 00:13:35]} {[%emt 00:04:52]}
29. Qg6 {[%clk 00:18:00]} {[%emt 00:11:08]} Qf7 {[%clk 00:09:43]} {[%emt
00:04:22]} 30. Qf5 {[%clk 00:16:03]} {[%emt 00:02:28]} Rd6 {[%clk 00:07:08]}
{[%emt 00:03:01]} 31. a4 {[%clk 00:07:44]} {[%emt 00:08:53]} h4 {[%clk
00:06:11]} {[%emt 00:01:27]} 32. Ke1 {[%clk 00:07:13]} {[%emt 00:01:01]} Qa2
{[%clk 00:05:09]} {[%emt 00:01:34]} 33. b5 {[%clk 00:04:08]} {[%emt 00:03:35]}
d3 {[%clk 00:04:44]} {[%emt 00:00:55]} 34. Nxa6+ {[%clk 00:02:57]} {[%emt
00:01:41]} Ka8 {[%clk 00:02:12]} {[%emt 00:02:58]} 35. Bxd3 {[%clk 00:02:11]}
{[%emt 00:01:19]} Qd2+ {[%clk 00:01:51]} {[%emt 00:00:51]} 36. Kf1 {[%clk
00:02:06]} {[%emt 00:00:35]} Qxd3+ {[%clk 00:01:33]} {[%emt 00:00:49]} 37. Qxd3
{[%clk 00:02:29]} {[%emt 00:00:08]} Rxd3 {[%clk 00:01:58]} {[%emt 00:00:04]}
38. Nc7+ {[%clk 00:02:49]} {[%emt 00:00:10]} Kb8 {[%clk 00:01:21]} {[%emt
00:01:03]} 39. Ne6 {[%clk 00:03:09]} {[%emt 00:00:13]} Rc8 {[%clk 00:00:50]}
{[%emt 00:01:01]} 40. Ke2 {[%clk 00:03:05]} {[%emt 00:00:34]} Rd6 {[%clk
00:00:50]} {[%emt 00:00:30]} 41. Ng7 {[%clk 00:02:34]} {[%emt 00:01:00]} Bg5
{[%clk 00:30:09]} {[%emt 00:01:11]} 42. Nf5 {[%clk 00:32:03]} {[%emt 00:01:02]}
Rd2+ {[%emt 00:07:22]} 0-1

[Event "DVM U16w 2024"]
[Site "Neumünster GER"]
[Date "2024.12.28"]
[Round "3"]
[White "Mauhs, Helena"]
[Black "Sniegowski, Victoria"]
[Result "0-1"]
[Termination "normal"]
[Board "6.4"]
[WhiteElo "1249"]
[BlackElo "1536"]
[WhiteClock "00:24:29"]
[BlackClock "01:03:45"]
[WhiteTeam "FC Bayern München 2"]
[BlackTeam "Meuselwitzer SV"]
[PlyCount "162"]
[WhiteFideId "34630279"]
[BlackFideId "34675612"]
[EventCountry "GER"]
[EventRounds "7"]
[EventType "team-swiss"]
[EventDate "2024.12.26"]

1. e4 {[%clk 01:30:58]} {[%emt 00:14:33]} e5 {[%clk 01:30:50]} {[%emt
00:00:10]} 2. Nf3 {[%clk 01:31:24]} {[%emt 00:00:04]} Nf6 {[%clk 01:31:10]}
{[%emt 00:00:10]} 3. Nxe5 {[%clk 01:31:49]} {[%emt 00:00:06]} d6 {[%clk
01:31:32]} {[%emt 00:00:09]} 4. Nf3 {[%clk 01:32:02]} {[%emt 00:00:16]} Nxe4
{[%clk 01:31:51]} {[%emt 00:00:11]} 5. Nc3 {[%clk 01:31:54]} {[%emt 00:00:39]}
Nf6 {[%clk 01:31:02]} {[%emt 00:01:18]} 6. Bc4 {[%clk 01:29:21]} {[%emt
00:03:00]} Be7 {[%clk 01:29:53]} {[%emt 00:01:41]} 7. d3 {[%clk 01:28:43]}
{[%emt 00:01:09]} O-O {[%clk 01:29:36]} {[%emt 00:00:47]} 8. Be3 {[%clk
01:26:08]} {[%emt 00:02:59]} Be6 {[%clk 01:28:53]} {[%emt 00:01:17]} 9. Bb3
{[%clk 01:25:04]} {[%emt 00:01:34]} Nc6 {[%clk 01:27:59]} {[%emt 00:01:26]} 10.
h3 {[%clk 01:18:46]} {[%emt 00:06:47]} d5 {[%clk 01:27:49]} {[%emt 00:00:41]}
11. d4 {[%clk 01:13:08]} {[%emt 00:06:08]} Bb4 {[%clk 01:24:24]} {[%emt
00:03:55]} 12. Qd3 {[%clk 01:07:22]} {[%emt 00:06:10]} Qd7 {[%clk 01:23:53]}
{[%emt 00:01:06]} 13. g4 {[%clk 00:59:37]} {[%emt 00:08:09]} Ne4 {[%clk
01:22:10]} {[%emt 00:02:20]} 14. Bd2 {[%clk 00:55:43]} {[%emt 00:04:21]} Rfe8
{[%clk 01:21:18]} {[%emt 00:01:25]} 15. Ne5 {[%clk 00:42:45]} {[%emt 00:13:21]}
Qd6 {[%clk 01:18:04]} {[%emt 00:03:40]} 16. Nxe4 {[%clk 00:32:32]} {[%emt
00:10:52]} dxe4 {[%clk 01:14:28]} {[%emt 00:04:07]} 17. Qe3 {[%clk 00:24:09]}
{[%emt 00:08:46]} Bxb3 {[%clk 01:13:36]} {[%emt 00:01:29]} 18. axb3 {[%clk
00:22:28]} {[%emt 00:02:11]} Nxd4 {[%clk 01:13:02]} {[%emt 00:01:03]} 19. O-O-O
{[%clk 00:20:18]} {[%emt 00:02:41]} Bc5 {[%clk 01:03:53]} {[%emt 00:09:37]} 20.
Bc3 {[%clk 00:18:17]} {[%emt 00:02:24]} Nxb3+ {[%clk 01:02:32]} {[%emt
00:02:01]} 21. Kb1 {[%clk 00:15:13]} {[%emt 00:03:34]} Bxe3 {[%clk 01:02:24]}
{[%emt 00:00:37]} 22. Rxd6 {[%clk 00:15:22]} {[%emt 00:00:22]} cxd6 {[%clk
01:02:44]} {[%emt 00:00:09]} 23. fxe3 {[%clk 00:15:22]} {[%emt 00:00:31]} Nc5
{[%clk 01:01:54]} {[%emt 00:01:20]} 24. Nc4 {[%clk 00:15:24]} {[%emt 00:00:28]}
Re6 {[%clk 01:00:13]} {[%emt 00:02:09]} 25. Rd1 {[%clk 00:15:12]} {[%emt
00:00:43]} Rd8 {[%clk 00:59:52]} {[%emt 00:00:51]} 26. Bb4 {[%clk 00:14:02]}
{[%emt 00:01:40]} b6 {[%clk 00:59:16]} {[%emt 00:01:06]} 27. Bc3 {[%clk
00:12:32]} {[%emt 00:02:00]} d5 {[%clk 00:58:05]} {[%emt 00:01:42]} 28. Nd2
{[%clk 00:11:59]} {[%emt 00:01:00]} Rh6 {[%clk 00:56:59]} {[%emt 00:01:39]} 29.
Rh1 {[%clk 00:10:41]} {[%emt 00:01:46]} Ne6 {[%clk 00:56:20]} {[%emt 00:01:11]}
30. h4 {[%clk 00:09:39]} {[%emt 00:01:31]} Rg6 {[%clk 00:54:33]} {[%emt
00:02:17]} 31. Rg1 {[%clk 00:07:25]} {[%emt 00:02:44]} h6 {[%clk 00:54:44]}
{[%emt 00:00:18]} 32. Nf1 {[%clk 00:04:27]} {[%emt 00:03:30]} d4 {[%clk
00:54:10]} {[%emt 00:01:03]} 33. exd4 {[%clk 00:04:36]} {[%emt 00:00:21]} Nxd4
{[%clk 00:54:23]} {[%emt 00:00:17]} 34. Bd2 {[%clk 00:03:57]} {[%emt 00:00:59]}
Nf3 {[%clk 00:53:48]} {[%emt 00:01:15]} 35. h5 {[%clk 00:04:03]} {[%emt
00:00:24]} Nxg1 {[%clk 00:53:41]} {[%emt 00:00:37]} 36. hxg6 {[%clk 00:04:27]}
{[%emt 00:00:06]} fxg6 {[%clk 00:53:49]} {[%emt 00:00:23]} 37. g5 {[%clk
00:04:18]} {[%emt 00:00:40]} Nf3 {[%clk 00:53:48]} {[%emt 00:00:30]} 38. Be3
{[%clk 00:04:35]} {[%emt 00:00:12]} Nxg5 {[%clk 00:54:02]} {[%emt 00:00:15]}
39. Ng3 {[%clk 00:04:51]} {[%emt 00:00:15]} Nf3 {[%clk 00:53:29]} {[%emt
00:01:03]} 40. Bf2 {[%clk 00:04:55]} {[%emt 00:00:25]} Rd1+ {[%clk 00:52:48]}
{[%emt 00:01:11]} 41. Ka2 {[%clk 00:05:20]} {[%emt 00:00:07]} Rd2 {[%clk
00:52:58]} {[%emt 00:00:20]} 42. Be3 {[%clk 00:05:06]} {[%emt 00:00:44]} Rxc2
{[%clk 00:53:13]} {[%emt 00:00:14]} 43. Kb3 {[%clk 00:04:59]} {[%emt 00:00:36]}
Re2 {[%clk 00:52:52]} {[%emt 00:00:52]} 44. Bf4 {[%clk 00:05:19]} {[%emt
00:00:11]} Re1 {[%clk 00:51:49]} {[%emt 00:01:32]} 45. Bb8 {[%clk 00:04:34]}
{[%emt 00:01:16]} Nd4+ {[%clk 00:49:54]} {[%emt 00:02:25]} 46. Kc4 {[%clk
00:04:48]} {[%emt 00:00:14]} Nc6 {[%clk 00:49:35]} {[%emt 00:00:50]} 47. Bf4
{[%clk 00:04:57]} {[%emt 00:00:20]} g5 {[%clk 00:49:15]} {[%emt 00:00:51]} 48.
Bd2 {[%clk 00:05:07]} {[%emt 00:00:19]} Rb1 {[%clk 00:49:02]} {[%emt 00:00:42]}
49. Kc3 {[%clk 00:05:26]} {[%emt 00:00:13]} g4 {[%clk 00:48:46]} {[%emt
00:00:46]} 50. Nxe4 {[%clk 00:05:42]} {[%emt 00:00:15]} h5 {[%clk 00:48:53]}
{[%emt 00:00:23]} 51. Bf4 {[%clk 00:04:35]} {[%emt 00:01:35]} Rf1 {[%clk
00:48:14]} {[%emt 00:01:05]} 52. Bg3 {[%clk 00:04:40]} {[%emt 00:00:28]} Rf3+
{[%clk 00:48:15]} {[%emt 00:00:30]} 53. Kd2 {[%clk 00:04:52]} {[%emt 00:00:15]}
Na5 {[%clk 00:46:30]} {[%emt 00:02:19]} 54. Bb8 {[%clk 00:03:08]} {[%emt
00:02:14]} Rf7 {[%clk 00:45:13]} {[%emt 00:01:46]} 55. Ng3 {[%clk 00:01:24]}
{[%emt 00:02:11]} h4 {[%clk 00:44:50]} {[%emt 00:00:57]} 56. Ne2 {[%clk
00:00:33]} {[%emt 00:01:22]} Nc6 {[%clk 00:44:07]} {[%emt 00:01:13]} 57. Bh2
{[%clk 00:00:42]} {[%emt 00:00:13]} Rf2 {[%clk 00:43:38]} {[%emt 00:01:05]} 58.
Bg1 {[%clk 00:00:54]} {[%emt 00:00:19]} Rf5 {[%clk 00:42:17]} {[%emt 00:01:36]}
59. Kc3 {[%clk 00:29:37]} {[%emt 00:02:02]} g3 {[%clk 01:12:06]} {[%emt
00:00:41]} 60. Kd2 {[%clk 00:29:32]} {[%emt 00:00:35]} g2 {[%clk 01:12:03]}
{[%emt 00:00:33]} 61. Ke3 {[%clk 00:27:19]} {[%emt 00:02:40]} h3 {[%clk
01:10:48]} {[%emt 00:01:47]} 62. Nf4 {[%clk 00:26:46]} {[%emt 00:01:02]} Rb5
{[%clk 01:08:24]} {[%emt 00:02:56]} 63. Nxh3 {[%clk 00:26:23]} {[%emt
00:00:52]} Rxb2 {[%clk 01:08:44]} {[%emt 00:00:12]} 64. Nf4 {[%clk 00:26:23]}
{[%emt 00:00:29]} a5 {[%clk 01:08:21]} {[%emt 00:00:53]} 65. Kf3 {[%clk
00:25:39]} {[%emt 00:01:14]} Kf7 {[%clk 01:06:20]} {[%emt 00:02:31]} 66. Nxg2
{[%clk 00:25:45]} {[%emt 00:00:25]} b5 {[%clk 01:06:20]} {[%emt 00:00:29]} 67.
Ne3 {[%clk 00:25:14]} {[%emt 00:01:01]} Nd4+ {[%clk 01:04:41]} {[%emt
00:02:09]} 68. Ke4 {[%clk 00:24:20]} {[%emt 00:01:21]} Nc2 {[%clk 01:03:29]}
{[%emt 00:01:44]} 69. Nd5 {[%clk 00:23:46]} {[%emt 00:00:58]} a4 {[%clk
01:02:56]} {[%emt 00:01:11]} 70. Ne3 {[%clk 00:20:39]} {[%emt 00:03:36]} Nxe3
{[%clk 01:03:13]} {[%emt 00:00:13]} 71. Bxe3 {[%clk 00:21:02]} {[%emt
00:00:07]} Re2 {[%clk 01:02:24]} {[%emt 00:01:19]} 72. Kd3 {[%clk 00:21:26]}
{[%emt 00:00:06]} Rxe3+ {[%clk 01:02:45]} {[%emt 00:00:10]} 73. Kxe3 {[%clk
00:21:52]} {[%emt 00:00:03]} a3 {[%clk 01:02:56]} {[%emt 00:00:20]} 74. Kd3
{[%clk 00:22:19]} {[%emt 00:00:02]} a2 {[%clk 01:02:57]} {[%emt 00:00:29]} 75.
Kc3 {[%clk 00:22:47]} {[%emt 00:00:02]} a1=Q+ {[%emt 00:00:13]} 76. Kb4 {[%emt
00:00:11]} Qc1 {[%clk 01:02:50]} {[%emt 00:00:14]} 77. Kxb5 {[%clk 00:23:10]}
{[%emt 00:00:06]} Ke6 {[%clk 01:03:12]} {[%emt 00:00:08]} 78. Kb4 {[%clk
00:23:37]} {[%emt 00:00:03]} Kd5 {[%clk 01:03:30]} {[%emt 00:00:13]} 79. Kb5
{[%clk 00:24:03]} {[%emt 00:00:04]} Qb1+ {[%clk 01:03:45]} {[%emt 00:00:14]}
80. Ka4 {[%clk 00:24:29]} {[%emt 00:00:05]} Kc4 {[%emt 00:00:14]} 81. Ka3
{[%emt 00:00:07]} Qb3# {[%emt 00:00:06]} 0-1

[Event "DVM U16w 2024"]
[Site "Neumünster GER"]
[Date "2024.12.28"]
[Round "3"]
[White "Bakó, Isabella"]
[Black "Shynkar, Daria"]
[Result "1-0"]
[Termination "normal"]
[Board "7.1"]
[WhiteElo "1600"]
[BlackElo "1685"]
[WhiteClock "00:10:08"]
[BlackClock "00:32:29"]
[WhiteTeam "SV Stuttgart-Wolfbusch 1956"]
[BlackTeam "SchachAkademiePaderborn"]
[PlyCount "77"]
[WhiteFideId "16287266"]
[BlackFideId "34163212"]
[EventCountry "GER"]
[EventRounds "7"]
[EventType "team-swiss"]
[EventDate "2024.12.26"]

1. e4 {[%clk 01:30:57]} {[%emt 00:00:02]} c5 {[%clk 01:30:56]} {[%emt
00:00:05]} 2. Nf3 {[%clk 01:31:22]} {[%emt 00:00:04]} a6 {[%clk 01:31:23]}
{[%emt 00:00:04]} 3. c4 {[%clk 01:31:40]} {[%emt 00:00:11]} d6 {[%clk
01:31:44]} {[%emt 00:00:09]} 4. d4 {[%clk 01:31:50]} {[%emt 00:00:20]} cxd4
{[%clk 01:31:54]} {[%emt 00:00:20]} 5. Nxd4 {[%clk 01:32:14]} {[%emt 00:00:07]}
Nf6 {[%clk 01:31:45]} {[%emt 00:00:38]} 6. Nc3 {[%clk 01:32:34]} {[%emt
00:00:10]} e5 {[%clk 01:32:09]} {[%emt 00:00:06]} 7. Nf3 {[%clk 01:30:12]}
{[%emt 00:02:53]} Be7 {[%clk 01:31:10]} {[%emt 00:01:28]} 8. Bg5 {[%clk
01:30:05]} {[%emt 00:00:37]} Nbd7 {[%clk 01:28:37]} {[%emt 00:03:02]} 9. Be2
{[%clk 01:27:53]} {[%emt 00:02:43]} O-O {[%clk 01:28:43]} {[%emt 00:00:24]} 10.
O-O {[%clk 01:27:25]} {[%emt 00:00:58]} h6 {[%clk 01:27:53]} {[%emt 00:01:19]}
11. Bh4 {[%clk 01:25:58]} {[%emt 00:01:57]} b6 {[%clk 01:23:12]} {[%emt
00:05:11]} 12. Nd5 {[%clk 01:12:09]} {[%emt 00:14:20]} Bb7 {[%clk 01:22:34]}
{[%emt 00:01:07]} 13. Nxe7+ {[%clk 01:11:33]} {[%emt 00:01:06]} Qxe7 {[%clk
01:22:40]} {[%emt 00:00:24]} 14. Bd3 {[%clk 01:09:36]} {[%emt 00:02:27]} Nc5
{[%clk 01:21:30]} {[%emt 00:01:40]} 15. Bxf6 {[%clk 01:08:18]} {[%emt
00:01:48]} Qxf6 {[%clk 01:21:00]} {[%emt 00:01:01]} 16. Re1 {[%clk 01:07:53]}
{[%emt 00:00:56]} Rac8 {[%clk 01:14:57]} {[%emt 00:06:32]} 17. b3 {[%clk
01:06:33]} {[%emt 00:01:51]} Qf4 {[%clk 01:08:37]} {[%emt 00:06:48]} 18. Qe2
{[%clk 01:04:04]} {[%emt 00:03:00]} f5 {[%clk 00:59:29]} {[%emt 00:09:38]} 19.
Bc2 {[%clk 00:44:10]} {[%emt 00:20:24]} fxe4 {[%clk 00:59:33]} {[%emt
00:00:25]} 20. Nd2 {[%clk 00:42:31]} {[%emt 00:02:09]} Nd3 {[%clk 00:58:02]}
{[%emt 00:02:01]} 21. Rf1 {[%clk 00:39:58]} {[%emt 00:03:03]} Rf6 {[%clk
00:52:58]} {[%emt 00:05:34]} 22. Bxd3 {[%clk 00:37:24]} {[%emt 00:03:06]} exd3
{[%clk 00:53:13]} {[%emt 00:00:14]} 23. Qxd3 {[%clk 00:36:56]} {[%emt
00:00:58]} Qg5 {[%clk 00:50:27]} {[%emt 00:03:13]} 24. Ne4 {[%clk 00:33:31]}
{[%emt 00:03:57]} Bxe4 {[%clk 00:50:30]} {[%emt 00:00:28]} 25. Qxe4 {[%clk
00:33:53]} {[%emt 00:00:08]} Rf7 {[%clk 00:38:26]} {[%emt 00:12:33]} 26. Rad1
{[%clk 00:32:18]} {[%emt 00:02:05]} Qe7 {[%clk 00:35:17]} {[%emt 00:03:39]} 27.
Qd5 {[%clk 00:32:12]} {[%emt 00:00:36]} Rd8 {[%clk 00:35:16]} {[%emt 00:00:27]}
28. Rd2 {[%clk 00:31:37]} {[%emt 00:01:09]} Kf8 {[%clk 00:34:27]} {[%emt
00:01:16]} 29. Rfd1 {[%clk 00:30:12]} {[%emt 00:01:59]} Qc7 {[%clk 00:32:44]}
{[%emt 00:02:07]} 30. b4 {[%clk 00:23:39]} {[%emt 00:07:09]} Ke7 {[%clk
00:31:30]} {[%emt 00:01:37]} 31. c5 {[%clk 00:19:29]} {[%emt 00:04:47]} Rf6
{[%clk 00:30:19]} {[%emt 00:01:41]} 32. cxd6+ {[%clk 00:17:16]} {[%emt
00:02:44]} Rdxd6 {[%clk 00:30:30]} {[%emt 00:00:19]} 33. Qxe5+ {[%clk
00:16:48]} {[%emt 00:00:57]} Kd7 {[%clk 00:30:32]} {[%emt 00:00:24]} 34. Rxd6+
{[%clk 00:15:59]} {[%emt 00:01:24]} Rxd6 {[%clk 00:30:55]} {[%emt 00:00:06]}
35. Qxg7+ {[%clk 00:09:36]} {[%emt 00:06:54]} Kc8 {[%clk 00:31:13]} {[%emt
00:00:08]} 36. Qxc7+ {[%clk 00:09:54]} {[%emt 00:00:16]} Kxc7 {[%clk 00:31:37]}
{[%emt 00:00:06]} 37. Rxd6 {[%clk 00:09:51]} {[%emt 00:00:33]} Kxd6 {[%clk
00:32:04]} {[%emt 00:00:03]} 38. f4 {[%clk 00:10:03]} {[%emt 00:00:18]} Ke6
{[%clk 00:32:29]} {[%emt 00:00:04]} 39. Kf2 {[%clk 00:10:08]} {[%emt 00:00:27]}
1-0

[Event "DVM U16w 2024"]
[Site "Neumünster GER"]
[Date "2024.12.28"]
[Round "3"]
[White "Gruber, Florentine"]
[Black "Schmidt, Sophie"]
[Result "1/2-1/2"]
[Termination "normal"]
[Board "7.2"]
[WhiteElo "1539"]
[BlackElo "1695"]
[WhiteClock "00:56:28"]
[BlackClock "00:39:15"]
[WhiteTeam "SchachAkademiePaderborn"]
[BlackTeam "SV Stuttgart-Wolfbusch 1956"]
[PlyCount "40"]
[WhiteFideId "34605711"]
[BlackFideId "34682503"]
[EventCountry "GER"]
[EventRounds "7"]
[EventType "team-swiss"]
[EventDate "2024.12.26"]

1. d4 {[%clk 01:30:59]} d5 {[%clk 01:30:56]} {[%emt 00:00:05]} 2. c4 {[%clk
01:31:23]} {[%emt 00:00:06]} c6 {[%clk 01:31:20]} {[%emt 00:00:06]} 3. Nf3
{[%clk 01:31:45]} {[%emt 00:00:07]} g6 {[%clk 01:31:26]} {[%emt 00:00:24]} 4.
e3 {[%clk 01:30:53]} {[%emt 00:01:22]} Nf6 {[%clk 01:31:35]} {[%emt 00:00:21]}
5. Nbd2 {[%clk 01:30:08]} {[%emt 00:01:14]} Bg7 {[%clk 01:31:04]} {[%emt
00:01:01]} 6. Bd3 {[%clk 01:30:10]} {[%emt 00:00:28]} O-O {[%clk 01:30:27]}
{[%emt 00:01:07]} 7. O-O {[%clk 01:30:23]} {[%emt 00:00:17]} Nbd7 {[%clk
01:19:40]} {[%emt 00:11:18]} 8. e4 {[%clk 01:23:34]} {[%emt 00:07:18]} dxe4
{[%clk 01:08:51]} {[%emt 00:11:19]} 9. Nxe4 {[%clk 01:23:39]} {[%emt 00:00:24]}
e5 {[%clk 01:03:47]} {[%emt 00:05:35]} 10. Nxe5 {[%clk 01:13:57]} {[%emt
00:10:12]} Nxe5 {[%clk 01:03:42]} {[%emt 00:00:35]} 11. dxe5 {[%clk 01:14:14]}
{[%emt 00:00:13]} Nxe4 {[%clk 01:03:50]} {[%emt 00:00:22]} 12. Bxe4 {[%clk
01:14:35]} {[%emt 00:00:09]} Bxe5 {[%clk 01:04:02]} {[%emt 00:00:18]} 13. Qc2
{[%clk 01:12:37]} {[%emt 00:02:28]} Qc7 {[%clk 00:56:31]} {[%emt 00:08:01]} 14.
h3 {[%clk 01:12:17]} {[%emt 00:00:49]} Be6 {[%clk 00:55:49]} {[%emt 00:01:14]}
15. Be3 {[%clk 01:09:29]} {[%emt 00:03:17]} Rfd8 {[%clk 00:51:57]} {[%emt
00:04:22]} 16. Rad1 {[%clk 01:07:54]} {[%emt 00:02:05]} Bf4 {[%clk 00:42:26]}
{[%emt 00:10:01]} 17. Bd4 {[%clk 01:02:08]} {[%emt 00:06:16]} Be5 {[%clk
00:38:46]} {[%emt 00:04:10]} 18. Be3 {[%clk 01:00:49]} {[%emt 00:01:49]} Bf4
{[%clk 00:38:28]} {[%emt 00:00:48]} 19. Bd4 {[%clk 00:56:38]} {[%emt 00:04:40]}
Be5 {[%clk 00:38:52]} {[%emt 00:00:06]} 20. Be3 {[%clk 00:56:28]} {[%emt
00:00:40]} Bf4 {[%clk 00:39:15]} {[%emt 00:00:08]} 1/2-1/2